000 00377nam a2200145Ia 4500
008 090124s9999 xx 000 0 und d
082 _b204210
245 _aBEST LOVED FOLK TALES OF INDIA
250 _a1
260 _bCHAUDHURY ROY P.C.
_c1994
300 _a304
630 _aBEST LOVED FOLK TALES OF INDIA
730 _aBEST LOVED FOLK TALES OF INDIA
942 _cBOOK
999 _c185791
_d185791